Problems in price theory / (Registro nro. 322683)

Detalles MARC
000 -ENCABEZADO
Número de control [NR] 00669nam a22001817a 4500
005 - FECHA Y HORA DE LA ÚLTIMA TRANSACCIÓN
control field 20230529131039.0
008 - DE LONGITUD FIJA DE DATOS DE ELEMENTOS - INFORMACIÓN GENERAL
Elementos de longitud fija [NR] 230529b ||||| |||| 00| 0 eng d
020 ## - NUMERO INTERNACIONAL NORMALIZADO PARA LIBROS [R]
Número Internacional Normalizado del libro [NR] 0226142930
040 ## - FUENTE DE CATALOGACION [NR]
Agencia de catalogación original [NR] CO-BoUCM
Quien Cataloga David Moreno
Quien Clasifica David Moreno
100 1# - ASIENTO PRINCIPAL--NOMBRE PERSONAL [NR]
Nombre personal [NR] De Meza, David.
ID Autoridad 177723
245 1# - MENCION DE TITULO [NR]
Título [NR] Problems in price theory /
Mención de responsabilidad, etc. [NR] David de Meza y Michael Osborne.
260 ## - PUBLICACION, DISTRIBUCION, ETC. (PIE DE IMPRENTA) [R]
Lugar de publicación, distribución, etc. [R] Chicago
Nombre del editor, distribuidor, etc. [R] University of Chicago Press
Fecha de publicación, distribución, etc. [R] [1980]
300 ## - DESCRIPCION FISICA [R]
Extensión [R] xiii, 299 Paginas
Otros detalles físicos [NR] Ilustraciones
650 1# - ASIENTO SECUNDARIO DE MATERIA - TERMINO TEMATICO [R]
Término temático o nombre geográfico como elemento de entrada [NR] Microeconomía
Subdivisión general [R] Problemas, ejercicios, etc.
9 (RLIN) 177724
700 1# - ASIENTO SECUNDARIO - NOMBRE PERSONAL [R]
Nombre personal [NR] Osborne, Michael
Fechas asociadas con el nombre [NR] 1952-
9 (RLIN) 177725
942 ## - ELEMENTOS DE ENTRADA AGREGADOS (KOHA)
Sistema de clasificación DEWEY
Tema principal Economía
Tipo de ítem principal el descrito en 300a Libro
Edición 1
Clasificación 338.5
Parte restante de la signatura top. M617p
Título oculto en OPAC No
Existencias
Total préstamos Signatura topográfica Código de barras Última vez visto Ejemplar Costo de reposición Price effective from Tipo de ítem Perdido Sistema de clasificación Dañado No prestable Tipo de ítem específico Suprimido Ubicación habitual Ubicación actual Localización Fecha de creación Forma de adquisición Costo
  338.5 M617p 100171376 04/12/2025 Ej.1 116112.00 29/05/2023 Libro   DEWEY     Libro   Claustro Claustro Mezanine 29/05/2023 Compra 116112.00